[Event "Challenge"]
[Site "http://www.queenalice.com/game.php?id=199617"]
[Date "2007.4.20"]
[Round "-"]
[White "Cedinho"]
[Black "berguette"]
[Result "0-1"]
[WhiteElo "1256"]
[BlackElo "1277"]

1. e4 d5 2. Bb5+ Nd7 3. Nc3 a6 4. Ba4 e6 5. exd5 b6 6. dxe6 Qe7 7. h4 Bb7 8. h5
Qxe6+ 9. Nge2 Bxg2 10. Rg1 Bh3 11. Rg3 Nf6 12. Re3 Ne4 13. Nxe4 f5 14. Ng5 Qe7
15. Bb3 h6 16. Ne6 Nf6 17. Nxf8 Kxf8 18. Bc4 Qd6 0-1

[Event "Challenge"]
[Site "http://www.queenalice.com/game.php?id=199618"]
[Date "2007.4.20"]
[Round "-"]
[White "Cedinho"]
[Black "toura"]
[Result "1-0"]
[WhiteElo "1294"]
[BlackElo "1275"]

1. e4 e6 2. h4 d5 3. exd5 exd5 4. Qe2+ Be6 5. Qb5+ Nc6 6. Qa4 Ne7 7. d4 Nf5 8.
g3 Nxd4 9. Ne2 b5 10. Qa6 Nxc2+ 11. Kd2 Nxa1 12. Qxc6+ Qd7 13. Qxa8+ Ke7 14. b3
Bf5 15. Bg2 d4 16. Re1 1-0

[Event "Challenge"]
[Site "http://www.queenalice.com/game.php?id=199620"]
[Date "2007.4.20"]
[Round "-"]
[White "Cedinho"]
[Black "patrick"]
[Result "0-1"]
[WhiteElo "1209"]
[BlackElo "1359"]

1. e4 Nf6 2. d3 d5 3. exd5 Nxd5 4. d4 Nc6 5. c3 h5 6. h4 g6 7. Nf3 Bh6 8. Ng5 f6
9. Ne4 f5 10. Ng5 a5 11. c4 Nf6 12. c5 Ne4 13. Nxe4 fxe4 14. g3 Bg4 15. Qc2 Qxd4
16. Be2 e3 0-1

[Event "AUTO-INT-424"]
[Site "http://www.queenalice.com/game.php?id=199648"]
[Date "2007.4.20"]
[Round "1"]
[White "chessnm"]
[Black "Cedinho"]
[Result "1-0"]
[WhiteElo "1676"]
[BlackElo "1269"]

1. d4 e6 2. e4 Nf6 3. e5 Bb4+ 4. Bd2 Nc6 5. exf6 Qxf6 6. Bxb4 Nxb4 7. c3 Nd5 8.
Nf3 b6 9. Bd3 Nf4 10. Rg1 g6 11. Nbd2 Nxd3+ 12. Kf1 Ba6 13. Qe2 Qf5 14. c4 Nxb2
15. Qe5 Qd3+ 16. Qe2 Bb7 17. Qxd3 Nxd3 18. Ke2 Nf4+ 19. Ke3 Nh5 20. g4 Nf6 21.
h4 b5 22. cxb5 1-0

[Event "AUTO-INT-424"]
[Site "http://www.queenalice.com/game.php?id=199649"]
[Date "2007.4.20"]
[Round "1"]
[White "Cedinho"]
[Black "chessnm"]
[Result "0-1"]
[WhiteElo "1271"]
[BlackElo "1674"]

1. g4 Nf6 2. h3 e6 3. Nf3 d5 4. b4 Bxb4 5. e3 O-O 6. c3 Ba5 7. g5 Ne4 8. d3 Nxc3
9. Nxc3 Bxc3+ 10. Nd2 Bxa1 11. Ba3 Re8 12. h4 Bc3 13. Qc1 d4 14. e4 e5 15. h5
Qxg5 16. Bb2 Bxd2+ 17. Qxd2 Qxd2+ 18. Kxd2 Nc6 19. Rg1 Re6 0-1

[Event "AUTO-INT-424"]
[Site "http://www.queenalice.com/game.php?id=199657"]
[Date "2007.4.20"]
[Round "1"]
[White "Cedinho"]
[Black "madriles"]
[Result "0-1"]
[WhiteElo "1215"]
[BlackElo "1558"]

1. c4 e5 2. e4 Nf6 3. d3 Nc6 4. h4 d6 5. Nf3 Bg4 6. Qe2 Nd4 7. Qd2 Bxf3 8. gxf3
Be7 9. h5 h6 10. b3 Nxf3+ 0-1

[Event "AUTO-OPEN-631"]
[Site "http://www.queenalice.com/game.php?id=199747"]
[Date "2007.4.20"]
[Round "1"]
[White "ALMOVE"]
[Black "Cedinho"]
[Result "1-0"]
[WhiteElo "1693"]
[BlackElo "1284"]

1. Nf3 Nf6 2. e3 d5 3. d4 c6 4. Bd3 Qa5+ 5. Bd2 Qc7 6. O-O Ng4 7. e4 dxe4 8.
Bxe4 e6 9. Qc1 Qxh2+ 10. Nxh2 h5 11. c4 f5 12. Bf3 Nf6 13. d5 cxd5 14. cxd5 exd5
15. Qxc8+ Kf7 16. Qxb7+ Be7 17. Qxa8 f4 18. Bxf4 Nfd7 19. Qxd5+ Kf8 20. Bxh5 Nf6
21. Qf7# 1-0

[Event "AUTO-OPEN-631"]
[Site "http://www.queenalice.com/game.php?id=199748"]
[Date "2007.4.20"]
[Round "1"]
[White "Cedinho"]
[Black "ALMOVE"]
[Result "0-1"]
[WhiteElo "1241"]
[BlackElo "1715"]

1. b4 d5 2. d4 Nc6 3. Nc3 Nf6 4. g3 Nxb4 5. Ba3 e6 6. Rb1 a5 7. Nb5 Be7 8. h4
O-O 9. h5 Nxa2 10. Rb3 b6 11. h6 g6 12. Qd3 Nb4 13. Qc3 c6 14. Qxc6 Nxc6 15. Bc1
Bd7 16. e3 Qe8 17. Nc7 Qb8 18. Nxa8 Qxa8 19. Ba3 a4 20. Rb5 Bxa3 21. Nf3 Nb4 0-1

[Event "AUTO-OPEN-631"]
[Site "http://www.queenalice.com/game.php?id=199765"]
[Date "2007.4.20"]
[Round "1"]
[White "Cedinho"]
[Black "drmaxb81"]
[Result "0-1"]
[WhiteElo "1282"]
[BlackElo "1840"]

1. h4 e5 2. b4 Bxb4 3. c3 Bc5 4. e3 d5 5. Nf3 Bg4 6. Bb5+ c6 7. Ba4 e4 8. h5
exf3 9. gxf3 Be6 10. d4 Bd6 11. f4 Nf6 12. Na3 Qa5 13. Bc2 Bxa3 14. Bxa3 Qxa3
0-1

[Event "AUTO-OPEN-631"]
[Site "http://www.queenalice.com/game.php?id=199766"]
[Date "2007.4.20"]
[Round "1"]
[White "drmaxb81"]
[Black "Cedinho"]
[Result "1-0"]
[WhiteElo "1840"]
[BlackElo "1282"]

1. e4 e5 2. Nf3 f6 3. Nc3 Nc6 4. Bb5 a6 5. Ba4 Nh6 6. O-O f5 7. Re1 g5 8. Bxc6
dxc6 9. Nxe5 Bd6 10. Nd3 g4 11. exf5+ Kf8 12. Ne5 Bc5 13. d4 Bb6 14. Bxh6+ Ke8
15. Nxc6+ 1-0

[Event "AUTO-BEG-93"]
[Site "http://www.queenalice.com/game.php?id=200424"]
[Date "2007.4.21"]
[Round "1"]
[White "rodrigofortes"]
[Black "Cedinho"]
[Result "1-0"]
[WhiteElo "1404"]
[BlackElo "1267"]

1. d4 c6 2. e4 f6 3. f4 Qa5+ 4. Bd2 Qa4 5. b3 Qxd4 6. Bc3 Qe3+ 7. Qe2 Qc1+ 8.
Qd1 Qe3+ 9. Qe2 Qc1+ 10. Qd1 Qe3+ 11. Qe2 Qc1+ 12. Qd1 Qxf4 13. Bd3 b6 14. Qf3
Qc1+ 15. Qd1 1-0

[Event "AUTO-BEG-93"]
[Site "http://www.queenalice.com/game.php?id=200425"]
[Date "2007.4.21"]
[Round "1"]
[White "Cedinho"]
[Black "rodrigofortes"]
[Result "0-1"]
[WhiteElo "1282"]
[BlackElo "1404"]

1. e3 e5 2. Nc3 d5 3. Nf3 f6 4. Nb5 c6 5. a4 cxb5 6. axb5 g5 7. h4 g4 8. Ng1 a6
9. Qxg4 Bxg4 10. f3 Bd7 11. bxa6 Nxa6 12. Be2 f5 13. b3 Be7 14. Bb2 Bf6 0-1

[Event "AUTO-BEG-93"]
[Site "http://www.queenalice.com/game.php?id=200432"]
[Date "2007.4.21"]
[Round "1"]
[White "Cedinho"]
[Black "anandya"]
[Result "0-1"]
[WhiteElo "1211"]
[BlackElo "1584"]

1. Nc3 e5 2. Nd5 c6 3. Nb4 d5 4. Nf3 Bxb4 5. Nxe5 Nd7 6. Nxd7 Bxd7 7. c3 Bd6 8.
d4 Nf6 9. g3 Qc8 10. Qd3 Bf5 11. Qe3+ Qe6 12. f4 Be4 13. h3 Bxh1 14. c4 Qxe3 15.
Bxe3 O-O 0-1

[Event "AUTO-BEG-93"]
[Site "http://www.queenalice.com/game.php?id=200433"]
[Date "2007.4.21"]
[Round "1"]
[White "anandya"]
[Black "Cedinho"]
[Result "1-0"]
[WhiteElo "1582"]
[BlackElo "1213"]

1. e4 Nc6 2. d4 e6 3. Nf3 Nf6 4. Bd3 Ng4 5. h3 Bb4+ 6. c3 Ba5 7. hxg4 h5 8. gxh5
g6 9. h6 b6 10. e5 d6 11. Bg5 Ne7 12. Bf6 Rg8 13. h7 Rf8 14. h8=Q Rxh8 15. Rxh8+
Kd7 16. Bb5+ 1-0

[Event "Els meus amics"]
[Site "http://www.queenalice.com/game.php?id=201740"]
[Date "2007.4.24"]
[Round "2"]
[White "crister"]
[Black "Cedinho"]
[Result "1-0"]
[WhiteElo "1787"]
[BlackElo "1220"]

1. e4 e5 2. Nf3 Nc6 3. c3 d6 4. Be2 Nf6 5. d3 h5 6. Bg5 d5 7. Nbd2 a5 8. Qb3 a4
9. Qd1 b6 10. Nh4 Nh7 11. Bxd8 Kxd8 12. Bxh5 Be7 13. Nf5 Bh4 14. Nxh4 Nf6 15.
Bxf7 1-0